Návrh postupu výroby podobných súčiastok pomocou CA systému NX

Gespeichert in:
Bibliographische Detailangaben
1. Verfasser: Jesenský, Vladimír, 1990- (Verfasst von)
Weitere Verfasser: Buranský, Ivan, 1982- (Betreuung Doktorarbeit)
Format: Manuskript Buch
Sprache:Slowakisch
Veröffentlicht: 2015
Schlagworte:
Online-Zugang:http://is.stuba.sk/zp/portal_zp.pl?podrobnosti=109893
Tags: Tag hinzufügen
Keine Tags, Fügen Sie das erste Tag hinzu!

MARC

LEADER 00000ntm a22000003a 4500
001 stuzp51060
003 SK-STU
005 20160719153736.6
007 ta
008 150427s2015----xo-----f-mn---000-0-slo-d
040 |a STU  |b slo 
041 0 |a slo 
100 1 |a Jesenský, Vladimír,  |d 1990-  |u 063000  |4 aut  |U MTF Materiálovotechnologická fakulta  |T MTF Ústav výrobných technológií  |X 6557  |U M3000  |Y 83  |7 A000006557 
242 0 1 |a Design manufacturing process to similar parts using CA systems NX  |y eng 
245 1 0 |a Návrh postupu výroby podobných súčiastok pomocou CA systému NX 
260 |c 2015 
650 4 |a PLM systém NX 9  |2 slo 
650 4 |a výroba  |2 slo 
650 4 |a CAD-CAM systém  |2 slo 
650 4 |a CAD-CAM system  |2 eng 
650 4 |a PLM system  |2 eng 
650 4 |a manufacturing  |2 eng 
700 1 |a Buranský, Ivan,  |d 1982-  |4 ths  |X 4587  |7 A000004587 
856 4 |u http://is.stuba.sk/zp/portal_zp.pl?podrobnosti=109893 
996 |c M* DP-12376  |l MMSKP  |s P  |a 0  |w stuzp51060_0001 
SQL |a stuzp51060  |b DDP  |c SLO  |d Návrh postupu výroby podobných súčiastok pomocou CA systému NX  |e 6557  |f Jesenský, Vladimír  |g 063000  |h 4587  |i Buranský, Ivan  |j 20150603  |k 187  |l 06  |m http://is.stuba.sk/zp/portal_zp.pl?podrobnosti=109893  |n I-PPN  |o 5.2.51. výrobné technológie